| 000 | 00478nam a22001697a 4500 | ||
|---|---|---|---|
| 003 | NUST | ||
| 005 | 20260203152446.0 | ||
| 008 | 260203b ||||| |||| 00| 0 eng d | ||
| 020 | _a978-93-5111-600-4 | ||
| 082 | _a551.480284 | ||
| 100 |
_aChauhan, Brinda. _9133072 |
||
| 245 |
_aAgricultural and Hydrological Applications of Remote Sensing / _cChauhan, Brinda. |
||
| 260 |
_aIndia: _bRandom Publications; _c2015 |
||
| 300 | _a279 p | ||
| 563 | _aHardcover | ||
| 942 |
_2ddc _cBK |
||
| 999 |
_c616070 _d616070 |
||